Statistics for Non-3-D Animated DreamWorks Movies

Click here to take the quiz!

General Stats

  • This quiz has been taken 13 times
    (11 since last reset)
  • The average score is 6 of 7

Answer Stats

YearMovie% Correct
2000Chicken Run
90%
1998The Prince of Egypt
90%
2000The Road to El Dorado
90%
2000Joseph: King of Dreams
80%
2003Sinbad: Legend of the Seven Seas
80%
2002Spirit: Stallion of the Cimarron
80%
2005Wallace and Gromit: The Curse of the Were-Rabbit
60%

Score Distribution

Percentile by Number Answered

Percent of People with Each Score

Your Score History

You have not taken this quiz since the last reset